000 00358nam a2200157Ia 4500
008 210210b1948 xxu||||| |||| 00| 0 eng d
041 _aeng
082 _a821/230
100 _aELIOT (T S)
245 _aSelected poems
260 _aUSA
_bPenguin Books
_c1948
650 _aSelected
650 _apoems
690 _aEnglish Literature
906 _a011399
999 _c130074
_d130074